000
00432nam a2200157Ia 4500
008
151213s9999 xx 000 0 und d
100
_a
শওকত আলী
245
_a
যাত্রা
_c
শওকত আলী
250
_a
১ম সং
260
_a
ঢাকা
_b
বই ঘর।
_c
1976
300
_a
8365 p.
650
_a
Bangla
650
_a
যাত্্রা
700
_a
শওকত আলী
999
_c
4205
_d
4205